000 00436nam a2200193Ia 4500
005 20240823013601.0
008 240823s9999||||xx |||||||||||||| ||und||
020 _a81-203-1735-1
041 _aENGLISH
082 _A515.7 P2
100 _aThamban Nair M
245 0 _aFunctional Analysis
250 _a1st
260 _c2002
_b"PHI,New D"
500 _aYES
650 _aFunction
_bMathematics
942 _cBK
999 _c167643
_d167643